00601nam a2200181Ia 4500008004100000082001500041100001400056245003100070250000800101260002500109300001400134500002400148650001500172942000700187952010400194952010400298999001700402230524s9999 xx 000 0 und d a658.4bPAD aP.K.Padhi 0aLabour and Industrial Laws aIST aNEW DELHIbPHIc2010 aXXVII;884 aQuantity Number: 2 aManagement cBK 00104070aTATCLbTATCLcGENd2023-05-24l0o658.4 PADp37767r2023-05-24w2023-05-24yBKzMBA305A 00104070aTATCLbTATCLcGENd2023-05-24l0o658.4 PADp37768r2023-05-24w2023-05-24yBKzMBA305A c46778d46778